000 00814nam a22002657a 4500
001 3957
003 FISKH
005 20250303105120.0
008 240528b cb ||||| |||| 00| 0 eng d
020 _a9780440412670
040 _aFISK
_beng
_cFISK
_dFISK
050 _aPZ7.R1975
082 _a813.54
100 _aRawls Wilson
_d1913-1984
245 _aWhere the red fern grows /
_cWilson Rawls
260 _aNew York :
_bA Yearling Book,
_c1996
300 _a212 pages :
_c20 cm
505 _aM
520 _aA young boy living in the Ozarks achieves his heart's desire when he becomes the owner of two redbone hounds and teaches them to be champion hunters.
521 8 _a700
_bLexile
521 8 _aM
_bRaz-Plus
700 _aWilson Rawls
942 _2ddc
_cBK
_n0
999 _c3957
_d3957